All Polo G Songs (Spotify) - Statistics

General Stats
  • This quiz has been taken 9 times
  • The average score is 28 of 116
Answer Stats
Answer % Correct
Pop Out
100%
RAPSTAR
100%
21
86%
I Know
86%
Martin & Gina
86%
Finer Things
71%
Heartless
71%
Through Da Storm
71%
33
57%
Broken Guitars
57%
Chinatown
57%
Clueless
57%
Flex
57%
Go Stupid
57%
Neva Cared
57%
Party Lyfe
57%
Pop Out Again
57%
Bad Man (Smooth Criminal)
43%
Be Something
43%
Black Hearted
43%
Chosen 1
43%
Distraction
43%
Dyin Breed
43%
GNF (OKOKOK)
43%
Heart Of A Giant
43%
My All
43%
Painting Pictures
43%
Toxic
43%
A King's Nightmare
29%
Barely Holdin' On
29%
Battle Cry
29%
Bloody Canvas
29%
BST
29%
Deep Wounds
29%
Don't Believe The Hype
29%
Don't Play
29%
Effortless
29%
Epidemic
29%
Father's Day
29%
GANG GANG
29%
God's Favorite
29%
Go Part 1
29%
Hollywood
29%
Last Strike
29%
Lost Files
29%
No Matter What
29%
No Return
29%
Picture This
29%
Relentless
29%
Sorrys & Ferraris
29%
Suicide
29%
Trials & Tribulations
29%
Wishing For A Hero
29%
Zooted Freestyle
29%
95 Bulls
14%
Alright
14%
Angels In The Sky
14%
Black Man In America
14%
Boom
14%
Bottle Girls
14%
Chinatown Pt 2
14%
DND
14%
Fame & Riches
14%
For the Love of New York
14%
Fortnight
14%
Grown Man
14%
High Tolerance
14%
Losses
14%
Madden
14%
Move Wrong
14%
No Time Wasted
14%
Partin Ways
14%
Piano G
14%
Quality Over Quantity
14%
Shoot It Off
14%
S.I.P
14%
So Real
14%
Thorns
14%
Thug Memorials
14%
We Uh Shoot
14%
Young N Dumb
14%
Bad Kids
0%
Bag Talk
0%
Beatiful Pain (Losin My Mind)
0%
Boring Soul
0%
Chances
0%
Crash The Party
0%
Darkside
0%
Decisions
0%
Detox
0%
Dope Peddler
0%
First Place
0%
From The Heart
0%
G63
0%
Gangsta Graduation
0%
Hard Body
0%
Heating Up
0%
If I Gat To
0%
Insubordinate
0%
Left To Blame
0%
Lost My Friend
0%
No More Heroes
0%
No Recruits
0%
No Turning Back
0%
One More Time
0%
Only Gang
0%
Pain Killerz
0%
Rain Fallin
0%
Rent Due
0%
Same Me
0%
Spiritual War
0%
Start Up Again
0%
Survival Of The Fittest
0%
Unapologetic
0%
With You
0%
No matching quizzes found
Score Distribution
Percent of People with Each Score
Percentile by Number Answered
Your Score History
You have not taken this quiz